largest Constrictor snakes with continent - Statistics

General Stats
  • This quiz has been taken 15 times
  • The average score is 4 of 13
Answer Stats
continent of origin Answer % Correct
South America Green Anaconda
92%
Asia Burmese Python
75%
Asia Reticulated Python
67%
Africa African Rock Python
50%
South America/North America Boa constrictor
42%
South America Yellow Anaconda
42%
Oceania Carpet Python
33%
Asia Indian Python
25%
Oceania Amethystine Python
8%
North America Cuban Boa
0%
South America Dark-spotted Anaconda
0%
Oceania Olive Python
0%
Oceania/Asia Papuan Python
0%
No matching quizzes found
Score Distribution
Percent of People with Each Score
Percentile by Number Answered
Your Score History
You have not taken this quiz